000 02859nam a22004097a 4500
003 dpl
005 20100322154743.0
007 DVD
008 050907s2005 cau105 g 00| 0 eng d
010 _aDVD-007229-7237
024 _c69.00
035 _aDVD-007229-7237
040 _aDPL
_cDPL
092 _aDVD THEG
245 _aThe Ghost
_h[videorecording] DVD /
_cDiskovery Video & laser Co. Pvt. Ltd. Presents
260 _bDiskovery Video
300 _a2 videocassette (VCD);
_bsd., col. ;
_c4-3/4 in.
_fVCD
440 _aDiskovery Video
538 _aDolby digital 5.1, English
538 _aThis is a Videio CD with digital audio, full Motion video and Play Back Controls Suitable for Video CD, LD, DVD Player and Multimedia PCs with MPEG card.
650 _aMotion Picture
700 _aSteele, Barbara
700 _aSteele, Barbara
700 _aBaldwin, Peter
700 _aElliot, Leonard
942 _cCF
_2ddc
_hDVD
_mTHEG
999 _c34832
_d34832